000 00334nam a22001457a 4500
020 _a997678051x
082 _a657.48
100 _al
245 _aTANZANIA Financial Accounting
250 _a2nd ed.
260 _bNATIONAL BOARD OF ACCOUNTANTS AND AUDITORS
_c2002
300 _aVI,478p.20cm.
500 _aAPPENDIXES
942 _cBK
999 _c20219
_d20219